[Event "Mersin op-B 7th"]
[Site "Mersin"]
[Date "2023.11.18"]
[Round "9"]
[White "Yenil, Mucahit"]
[Black "Gursu, Sungur"]
[Result "1-0"]
[WhiteElo "1673"]
[BlackElo "1791"]
[PlyCount "67"]
[EventDate "2023.11.12"]
[EventType "swiss"]
[EventRounds "9"]
[EventCountry "TUR"]
[SourceTitle "CB49_2023"]
[SourceDate "2023.12.06"]
[SourceVersion "1"]
[SourceVersionDate "2023.12.06"]
[SourceQuality "1"]

1. e4 Nf6 2. Qe2 Nc6 3. c3 d6 4. d3 g6 5. Nf3 Bg4 6. Nbd2 Bg7 7. g3 e5 8. Bg2 Qe7 9. h3 Be6 10. Nc4 h6 11. 0-0 g5 12. Ne1 0-0-0 13. b4 Qd7 14. Kh2 h5 15. Bxg5 Rdg8 16. Nf3 h4 17. Bxh4 Ne7 18. Ne3 Ng6 19. Nf5 Nh5 20. Qe3 Kb8 21. Rh1 d5 22. Nxg7 Nxg7 23. exd5 Qxd5 24. Bf6 Bxh3 25. Bxh3 Qe6 26. Bh4 f5 27. Rae1 Qd6 28. Qc5 Nxh4 29. Nxh4 Qxd3 30. Qxe5 Nh5 31. Bxf5 Qd8 32. Kg2 a6 33. Rd1 Qf8 34. Ng6 1-0

[Event "Mersin op-B 7th"]
[Site "Mersin"]
[Date "2023.11.17"]
[Round "8"]
[White "Hashimov, Ahmadagha"]
[Black "Yenil, Mucahit"]
[Result "0-1"]
[WhiteElo "1719"]
[BlackElo "1673"]
[PlyCount "74"]
[EventDate "2023.11.12"]
[EventType "swiss"]
[EventRounds "9"]
[EventCountry "TUR"]
[SourceTitle "CB49_2023"]
[SourceDate "2023.12.06"]
[SourceVersion "1"]
[SourceVersionDate "2023.12.06"]
[SourceQuality "1"]

1. e4 c6 2. d4 d5 3. Nc3 dxe4 4. Nxe4 Nf6 5. Nxf6+ exf6 6. c3 Bd6 7. Bd3 0-0 8. Qc2 Re8+ 9. Ne2 h5 10. Bd2 Nd7 11. 0-0-0 b5 12. Nf4 Bxf4 13. Bxf4 Nb6 14. h3 Qd5 15. Kb1 Be6 16. b3 a5 17. g4 a4 18. b4 h4 19. Bc1 Qf3 20. Ka1 Bb3 21. Qd2 Bxd1 22. Rxd1 Nd5 23. Rg1 Nf4 24. Qxf4 Qxd3 25. Qd2 Qf3 26. Re1 Kf8 27. Re3 Rxe3 28. Qxe3 Qxe3 29. Bxe3 Ke7 30. Kb2 Kd6 31. Kc2 Kd5 32. Kd3 Re8 33. Bd2 f5 34. g5 f4 35. f3 g6 36. a3 Re7 37. Bxf4 Re1 0-1

[Event "Mersin op-B 7th"]
[Site "Mersin"]
[Date "2023.11.13"]
[Round "3"]
[White "Zahedifar, Anahita"]
[Black "Yenil, Mucahit"]
[Result "1-0"]
[WhiteElo "1999"]
[BlackElo "1673"]
[PlyCount "111"]
[EventDate "2023.11.12"]
[EventType "swiss"]
[EventRounds "9"]
[EventCountry "TUR"]
[SourceTitle "CB49_2023"]
[SourceDate "2023.12.06"]
[SourceVersion "1"]
[SourceVersionDate "2023.12.06"]
[SourceQuality "1"]

1. d4 Nf6 2. Nf3 e6 3. g3 c5 4. Bg2 cxd4 5. 0-0 Nc6 6. Nxd4 d5 7. b3 Be7 8. Bb2 0-0 9. e3 Re8 10. c4 Bf8 11. Nc3 Nxd4 12. Qxd4 e5 13. Qd3 dxc4 14. Qxc4 Be6 15. Qe2 Bg4 16. f3 Bf5 17. Rfd1 Qa5 18. g4 Be6 19. g5 Nd5 20. Nxd5 Bxd5 21. Rac1 Be6 22. Bc3 Qb6 23. Kh1 a5 24. Bxe5 Bxb3 25. Qb2 Rxe5 26. Qxe5 Bxd1 27. Rxd1 a4 28. f4 Rd8 29. Bd5 Kh8 30. Qe4 a3 31. f5 Qb2 32. g6 f6 33. Qe6 Bd6 34. Bg2 b5 35. h3 Qc2 36. Qd5 hxg6 37. fxg6 Qxg6 38. Qxb5 Rb8 39. Qd5 Be5 40. Be4 Qe8 41. Qa5 Bc7 42. Qf5 g6 43. Qxf6+ Kh7 44. Bxg6+ Qxg6 45. Rd7+ Kh6 46. Qh4+ Qh5 47. Rh7+ Kxh7 48. Qxh5+ Kg7 49. Qc5 Rb1+ 50. Kg2 Bd8 51. Qa7+ Kf8 52. Qxa3+ Be7 53. Qa8+ Kg7 54. Qe4 Rb2+ 55. Kf3 Bf6 56. a4 1-0

[Event "TUR Cup"]
[Site "Adapazari"]
[Date "2022.03.30"]
[Round "9"]
[White "Tokan, Melih"]
[Black "Yenil, Mucahit"]
[Result "0-1"]
[WhiteElo "1321"]
[BlackElo "1736"]
[PlyCount "64"]
[EventDate "2022.03.25"]
[EventType "swiss"]
[EventRounds "11"]
[EventCountry "TUR"]
[SourceTitle "EXT 2023"]
[Source "ChessBase"]
[SourceDate "2022.10.05"]
[SourceVersion "1"]
[SourceVersionDate "2022.10.05"]
[SourceQuality "1"]

1. e4 g6 2. d4 Bg7 3. Nc3 d6 4. Bg5 a6 5. Qd2 Nd7 6. 0-0-0 b5 7. g3 Bb7 8. Bg2 c5 9. dxc5 Nxc5 10. Nd5 Ne6 11. h4 Nxg5 12. Qxg5 Bh6 13. e5 Bxg5+ 14. hxg5 Bxd5 15. Bxd5 Rc8 16. exd6 exd6 17. Nf3 Ne7 18. Rhe1 0-0 19. Bb3 a5 20. a3 Qc7 21. Rd2 Nc6 22. Nh2 a4 23. Ba2 Rfe8 24. Rh1 Nd4 25. c3 Nb3+ 26. Bxb3 axb3 27. Ng4 Re6 28. Nf6+ Rxf6 29. gxf6 Qd8 30. Rd4 Qxf6 31. f4 Qxd4 32. Rxh7 Kxh7 0-1

[Event "TUR Cup"]
[Site "Adapazari"]
[Date "2022.03.29"]
[Round "7"]
[White "Gul, Omer"]
[Black "Yenil, Mucahit"]
[Result "0-1"]
[WhiteElo "1285"]
[BlackElo "1736"]
[PlyCount "78"]
[EventDate "2022.03.25"]
[EventType "swiss"]
[EventRounds "11"]
[EventCountry "TUR"]
[SourceTitle "EXT 2023"]
[Source "ChessBase"]
[SourceDate "2022.10.05"]
[SourceVersion "1"]
[SourceVersionDate "2022.10.05"]
[SourceQuality "1"]

1. e4 g6 2. d4 Bg7 3. Nf3 d6 4. Be3 a6 5. Nc3 Nd7 6. Qd2 b5 7. a3 Bb7 8. Bd3 Rc8 9. 0-0 c5 10. d5 Ngf6 11. h3 c4 12. Be2 Nc5 13. Bxc5 Rxc5 14. Nd4 0-0 15. f4 Qb6 16. Kh1 a5 17. Bf3 Ba6 18. f5 Rc7 19. fxg6 hxg6 20. Nce2 Nd7 21. c3 Ne5 22. h4 Rb8 23. h5 b4 24. hxg6 fxg6 25. Ne6 Rcc8 26. Nxg7 Kxg7 27. Nd4 Rh8+ 28. Kg1 Bc8 29. Qg5 Qa7 30. axb4 a4 31. Bd1 Rxb4 32. Rxa4 Rxa4 33. Bxa4 Rf8 34. Rxf8 Kxf8 35. Qh6+ Kg8 36. Bd1 Qa1 37. Qd2 Bg4 38. Ne2 Qb1 39. Kh2 Qd3 0-1

[Event "TUR Cup"]
[Site "Antalya"]
[Date "2020.01.29"]
[Round "5"]
[White "Yenil, Mucahit"]
[Black "Ozeler, Nedim"]
[Result "1-0"]
[WhiteElo "1757"]
[BlackElo "1667"]
[PlyCount "115"]
[EventDate "2020.01.26"]
[EventType "swiss"]
[EventRounds "11"]
[EventCountry "TUR"]
[SourceTitle "CBM 194 Extra"]
[Source "ChessBase"]
[SourceDate "2020.03.31"]
[SourceVersion "1"]
[SourceVersionDate "2020.03.31"]
[SourceQuality "1"]

1. e4 e5 2. Nf3 Nc6 3. Bc4 Bc5 4. c3 Nf6 5. d4 exd4 6. cxd4 Bb4+ 7. Bd2 Nxe4 8. Bxb4 Nxb4 9. Bxf7+ Kxf7 10. Qb3+ d5 11. Ne5+ Ke7 12. Qxb4+ Qd6 13. Qxd6+ cxd6 14. Nd3 Be6 15. f3 Nf6 16. Kd2 Kd7 17. Nc3 Rac8 18. g4 Rc4 19. b3 Rcc8 20. Rae1 Rhf8 21. Nf4 Ne4+ 22. Nxe4 Rxf4 23. Ke3 Rff8 24. Ng5 Bg8 25. Rc1 h6 26. Nh3 g5 27. Rhe1 Be6 28. Ng1 Rc6 29. Ne2 Rfc8 30. Rxc6 bxc6 31. h4 Rg8 32. hxg5 hxg5 33. Rh1 Rg7 34. Rh8 c5 35. Rf8 Kc7 36. Kd3 a6 37. Ng3 c4+ 38. Kc3 Rf7 39. Rxf7+ Bxf7 40. bxc4 dxc4 41. Ne4 d5 42. Nxg5 Bg8 43. f4 Kd7 44. Nf3 Ke7 45. Ne5 Kf6 46. a3 Be6 47. Kd2 Bg8 48. Ke3 Be6 49. f5 Bg8 50. Kf4 c3 51. g5+ Ke7 52. Ke3 Kf8 53. Kd3 Bh7 54. g6 Bg8 55. f6 Be6 56. Kxc3 Bf5 57. Kb4 Ke8 58. Ka5 1-0

[Event "TUR Cup"]
[Site "Antalya"]
[Date "2020.01.28"]
[Round "4"]
[White "Savli, Sadrettin"]
[Black "Yenil, Mucahit"]
[Result "0-1"]
[WhiteElo "1436"]
[BlackElo "1757"]
[PlyCount "59"]
[EventDate "2020.01.26"]
[EventType "swiss"]
[EventRounds "11"]
[EventCountry "TUR"]
[SourceTitle "CBM 194 Extra"]
[Source "ChessBase"]
[SourceDate "2020.03.31"]
[SourceVersion "1"]
[SourceVersionDate "2020.03.31"]
[SourceQuality "1"]

1. e4 c5 2. c3 Qa5 3. d3 Nc6 4. Nf3 Nf6 5. h3 e5 6. a3 Be7 7. g3 c4 8. dxc4 Nxe4 9. b4 Qc7 10. Be3 0-0 11. Bd3 Nf6 12. Be2 Rd8 13. Bg5 d5 14. cxd5 Rxd5 15. Qc1 e4 16. Bxf6 exf3 17. Bxf3 Rf5 18. Bxe7 Qxe7+ 19. Be2 Re5 20. Ra2 Be6 21. Rb2 Bc4 22. 0-0 Bxe2 23. Re1 Re8 24. f4 Re3 25. Kf2 Qe4 26. Nd2 Rf3+ 27. Kg2 Qe3 28. Nxf3 Qxf3+ 29. Kh2 Qf2+ 30. Kh1 0-1

[Event "TUR-chT 1st League"]
[Site "Konya"]
[Date "2019.07.28"]
[Round "9.11"]
[White "Yenil, Mucahit"]
[Black "Saygili, Muhammet Sedat"]
[Result "1-0"]
[WhiteElo "1813"]
[BlackElo "1799"]
[PlyCount "61"]
[EventDate "2019.07.22"]
[EventType "team-swiss"]
[EventRounds "9"]
[EventCountry "TUR"]
[SourceTitle "CBM 191 Extra"]
[Source "ChessBase"]
[SourceDate "2019.09.30"]
[SourceVersion "1"]
[SourceVersionDate "2019.09.30"]
[SourceQuality "1"]
[WhiteTeam "Karaman Saglik"]
[BlackTeam "Kahramanmaras CC"]
[WhiteTeamCountry "TUR"]
[BlackTeamCountry "TUR"]

1. e4 c6 2. d4 d5 3. Nc3 dxe4 4. Nxe4 Nd7 5. Bc4 e6 6. Nf3 Be7 7. Qe2 Nb6 8. Bd3 Nf6 9. Bd2 Nxe4 10. Bxe4 Nd5 11. 0-0-0 Nf6 12. Bd3 b6 13. Ne5 Bb7 14. Rhe1 0-0 15. g4 Nd5 16. h4 a6 17. g5 Nb4 18. Be4 Qc7 19. Qh5 g6 20. Qh6 f5 21. gxf6 Bxf6 22. h5 Qg7 23. hxg6 Bxe5 24. gxh7+ Kh8 25. dxe5 Nd5 26. Qxg7+ Kxg7 27. Rh1 Kh8 28. Bxd5 exd5 29. Bg5 Rae8 30. Bf6+ Rxf6 31. exf6 1-0

[Event "TUR Cup"]
[Site "Antalya"]
[Date "2019.01.31"]
[Round "7"]
[White "Yenil, Mucahit"]
[Black "Kilic, Gokturk Kagan"]
[Result "1-0"]
[WhiteElo "1714"]
[BlackElo "2000"]
[PlyCount "113"]
[EventDate "2019.01.27"]
[EventType "swiss"]
[EventRounds "11"]
[EventCountry "TUR"]
[SourceTitle "CBM 188 Extra"]
[Source "ChessBase"]
[SourceDate "2019.02.26"]
[SourceVersion "1"]
[SourceVersionDate "2019.02.26"]
[SourceQuality "1"]

1. d4 Nf6 2. Nf3 d6 3. Nc3 Nbd7 4. e4 e5 5. Bc4 h6 6. 0-0 g6 7. h3 Bg7 8. dxe5 dxe5 9. Qe2 c6 10. a4 0-0 11. a5 Qc7 12. Be3 Kh7 13. g4 Ne8 14. Kg2 Nd6 15. Bd3 Rd8 16. Nh2 Nf8 17. f4 exf4 18. Bxf4 Ne6 19. Bg3 Qe7 20. e5 Ne8 21. Nf3 N8c7 22. Bh4 Nf4+ 23. Kf2 Qc5+ 24. Qe3 Qxe3+ 25. Kxe3 Ng2+ 26. Ke2 Nxh4 27. Nxh4 Be6 28. Nf3 Nd5 29. Nxd5 Rxd5 30. Bc4 Rc5 31. Bxe6 fxe6 32. c3 Rd8 33. a6 Rd7 34. Rfd1 Rxd1 35. Rxd1 bxa6 36. Rd7 Rb5 37. b4 a5 38. Nd4 Rxe5+ 39. Kf3 Rd5 40. Rxa7 Kg8 41. Nxc6 Rd3+ 42. Ke4 Rxc3 43. Ne7+ Kh7 44. bxa5 Rxh3 45. Nc6 Rh4 46. Kf3 h5 47. Nd8 Rh3+ 48. Kg2 Re3 49. a6 hxg4 50. Re7 Kh6 51. a7 Ra3 52. Nc6 Ra2+ 53. Kg3 Ra3+ 54. Kxg4 Bf8 55. Re8 Bd6 56. Rh8+ Kg7 57. a8Q 1-0

[Event "TUR Cup"]
[Site "Antalya"]
[Date "2019.01.30"]
[Round "5"]
[White "Yenil, Mucahit"]
[Black "Karadeniz, Ali Emre"]
[Result "0-1"]
[WhiteElo "1714"]
[BlackElo "2257"]
[PlyCount "94"]
[EventDate "2019.01.27"]
[EventType "swiss"]
[EventRounds "11"]
[EventCountry "TUR"]
[SourceTitle "CBM 188 Extra"]
[Source "ChessBase"]
[SourceDate "2019.02.26"]
[SourceVersion "1"]
[SourceVersionDate "2019.02.26"]
[SourceQuality "1"]

1. e4 e6 2. b3 d5 3. Bb2 c5 4. exd5 exd5 5. d4 Nf6 6. Nf3 Nc6 7. Bd3 Bg4 8. dxc5 Qe7+ 9. Be2 Bxf3 10. gxf3 0-0-0 11. Qd3 Nb4 12. Qf5+ Qe6 13. Qxe6+ fxe6 14. Kd2 Bxc5 15. a3 Nc6 16. Rg1 Rd7 17. Rxg7 Rxg7 18. Bxf6 Rhg8 19. Bxg7 Rxg7 20. Nc3 Rg2 21. f4 Nd4 22. Kd3 Nxe2 23. Nxe2 Rxh2 24. Rg1 Kd7 25. Rg7+ Kc6 26. f5 exf5 27. f4 Rh3+ 28. Rg3 Rxg3+ 29. Nxg3 Bxa3 30. Nxf5 Bd6 31. Ke3 Bc5+ 32. Kf3 a5 33. Ke2 b5 34. Kd3 h5 35. Nh6 h4 36. Ng4 h3 37. f5 Bg1 38. f6 Kd6 39. c4 dxc4+ 40. bxc4 h2 41. Nxh2 Bxh2 42. f7 Ke7 43. cxb5 Bc7 44. Kc4 Kxf7 45. Kd5 Bd8 46. Kc5 Ke6 47. Kc6 a4 0-1

[Event "TUR-chT 1st League"]
[Site "Konya"]
[Date "2018.07.19"]
[Round "5.8"]
[White "Eldemir, Goksu"]
[Black "Yenil, Mucahit"]
[Result "1-0"]
[WhiteElo "1907"]
[BlackElo "1643"]
[PlyCount "105"]
[EventDate "2018.07.16"]
[EventType "team-swiss"]
[EventRounds "9"]
[EventCountry "TUR"]
[SourceTitle "EXT 2019"]
[Source "ChessBase"]
[SourceDate "2018.10.10"]
[SourceVersion "1"]
[SourceVersionDate "2018.10.10"]
[SourceQuality "1"]
[WhiteTeam "Burdurspor Dernegi"]
[BlackTeam "Karman Masterler"]
[WhiteTeamCountry "TUR"]
[BlackTeamCountry "TUR"]

1. e4 e5 2. Nf3 Nc6 3. Bb5 Nf6 4. 0-0 Be7 5. Re1 d6 6. c3 a6 7. Ba4 b5 8. Bc2 0-0 9. h3 Re8 10. a4 b4 11. d4 Rb8 12. Nbd2 Bf8 13. Nf1 g6 14. d5 bxc3 15. bxc3 Na5 16. Ne3 Bd7 17. Qe2 Nb3 18. Bxb3 Rxb3 19. Nd2 Rb8 20. Qxa6 Nh5 21. Qc4 Nf4 22. Ba3 Bh6 23. Nf3 Rc8 24. Reb1 Qf6 25. Nh2 Qh4 26. Neg4 Bg7 27. Bc1 f5 28. Bxf4 exf4 29. Nf3 Qh5 30. exf5 gxf5 31. Ngh2 Re4 32. Nd4 Bf6 33. Nhf3 Kh8 34. Rb7 Rg8 35. Kh1 Re7 36. Rxc7 Reg7 37. Rg1 Bxd4 38. Qxd4 Qe8 39. Qxf4 Qe7 40. Qd4 f4 41. Qxf4 Rf8 42. Qd4 Kg8 43. Re1 Qf7 44. Qe4 Qh5 45. Qh4 Qg6 46. Ng5 h6 47. Rxd7 Rxd7 48. Ne6 Re8 49. Re3 Kh8 50. Rg3 Qf5 51. Rf3 Qe5 52. Qxh6+ Rh7 53. Rf8+ 1-0

[Event "TUR Cup										"]
[Site "Antalya"]
[Date "2018.02.03"]
[Round "11"]
[White "Yenil, Mucahit"]
[Black "Eremkere, Mehmet Halil"]
[Result "1-0"]
[WhiteElo "1610"]
[BlackElo "1748"]
[PlyCount "99"]
[EventDate "2018.01.27"]
[EventType "swiss"]
[EventRounds "11"]
[EventCountry "TUR"]
[SourceTitle "CBM 182 Extra"]
[Source "ChessBase"]
[SourceDate "2018.02.23"]
[SourceVersion "1"]
[SourceVersionDate "2018.02.23"]
[SourceQuality "1"]

1. e4 e5 2. Nf3 Nc6 3. Bb5 d6 4. c3 Nf6 5. d3 Be7 6. 0-0 0-0 7. Nbd2 Ne8 8. Re1 g6 9. Nf1 Ng7 10. Bh6 a6 11. Ba4 b5 12. Bc2 Re8 13. d4 Bf8 14. Qd2 Bg4 15. Ng5 Na5 16. Ne3 Be6 17. Nxe6 Nxe6 18. Bxf8 Rxf8 19. b4 Nb7 20. Rad1 exd4 21. cxd4 c5 22. dxc5 dxc5 23. Nd5 Qg5 24. f4 Qh6 25. Qc3 Qg7 26. Nf6+ Kh8 27. e5 cxb4 28. Qxb4 Rac8 29. Bb3 Nbc5 30. Bd5 Rfd8 31. g3 g5 32. f5 Nf8 33. Be4 Nfd7 34. Nxd7 Nxd7 35. f6 Qf8 36. Qe7 Nc5 37. Bf5 Rb8 38. Rxd8 Rxd8 39. e6 Nxe6 40. Rxe6 Qg8 41. Rc6 Rb8 42. Qd7 g4 43. Rc8 Rxc8 44. Qxc8 h5 45. Kf2 a5 46. Ke3 b4 47. Kf4 a4 48. Qxg8+ Kxg8 49. Kg5 a3 50. Bc2 1-0

[Event "TUR Cup										"]
[Site "Antalya"]
[Date "2018.02.02"]
[Round "10"]
[White "Yenil, Mucahit"]
[Black "Kisacikoglu, Tolga"]
[Result "1-0"]
[WhiteElo "1610"]
[BlackElo "1778"]
[PlyCount "109"]
[EventDate "2018.01.27"]
[EventType "swiss"]
[EventRounds "11"]
[EventCountry "TUR"]
[SourceTitle "CBM 182 Extra"]
[Source "ChessBase"]
[SourceDate "2018.02.23"]
[SourceVersion "1"]
[SourceVersionDate "2018.02.23"]
[SourceQuality "1"]

1. e4 e6 2. b3 d5 3. Bb2 dxe4 4. Nc3 Nf6 5. Qe2 Be7 6. Nxe4 0-0 7. d4 a5 8. a3 Nbd7 9. 0-0-0 b6 10. Nxf6+ Bxf6 11. Qf3 Ba6 12. c4 c5 13. dxc5 Bxb2+ 14. Kxb2 bxc5 15. a4 Qc7 16. Qg3 Qe5+ 17. Qc3 Qxc3+ 18. Kxc3 Ne5 19. f4 Nc6 20. Nf3 Rfd8 21. Be2 Bb7 22. Rxd8+ Rxd8 23. Rd1 Rxd1 24. Bxd1 f6 25. Ne1 Nd4 26. Nd3 Bxg2 27. Nxc5 e5 28. Nd3 Nc6 29. c5 Bd5 30. Bg4 exf4 31. Nxf4 Be4 32. Bd7 Kf7 33. Bxc6 Bxc6 34. Kd4 Ke7 35. Nd3 f5 36. Ne5 Bg2 37. Nc4 f4 38. Nxa5 g5 39. Nc4 g4 40. Nd6 Ke6 41. Ne4 h5 42. b4 h4 43. a5 g3 44. hxg3 h3 45. Ng5+ Kf5 46. Nxh3 fxg3 47. Ng1 Bc6 48. Kc4 Ke4 49. b5 Bd5+ 50. Kc3 Ke3 51. c6 Be6 52. b6 Kf2 53. b7 Kxg1 54. b8Q g2 55. Kd2 1-0

[Event "TUR Cup										"]
[Site "Antalya"]
[Date "2018.02.01"]
[Round "8"]
[White "Yenil, Mucahit"]
[Black "Bekiragaoglu, Umut"]
[Result "1-0"]
[WhiteElo "1610"]
[BlackElo "1753"]
[PlyCount "109"]
[EventDate "2018.01.27"]
[EventType "swiss"]
[EventRounds "11"]
[EventCountry "TUR"]
[SourceTitle "CBM 182 Extra"]
[Source "ChessBase"]
[SourceDate "2018.02.23"]
[SourceVersion "1"]
[SourceVersionDate "2018.02.23"]
[SourceQuality "1"]

1. e4 e6 2. b3 c5 3. Bb2 Nc6 4. d3 d5 5. Nd2 Nf6 6. g3 g6 7. Bg2 Bg7 8. Ngf3 0-0 9. 0-0 a5 10. a4 b6 11. Re1 Re8 12. h3 Bb7 13. Nf1 Qc7 14. Qc1 Rad8 15. e5 Nd7 16. Qf4 Ba6 17. N1h2 d4 18. Ng4 Rc8 19. Re4 Bb7 20. Rae1 Ne7 21. Nh6+ Bxh6 22. Qxh6 Nf5 23. Qd2 Bxe4 24. Rxe4 f6 25. g4 Ng7 26. Qh6 Nxe5 27. Rxe5 fxe5 28. Ng5 Nh5 29. gxh5 Qg7 30. Qxg7+ Kxg7 31. h6+ Kg8 32. Bc1 Rc7 33. h4 Rce7 34. Bh3 b5 35. axb5 Rb8 36. Ne4 Rxb5 37. Bg5 Rbb7 38. Nxc5 Kf7 39. Bxe6+ Rxe6 40. Nxb7 Ra6 41. Kf1 a4 42. bxa4 Rxa4 43. Ke2 Ra2 44. Kd2 Ke6 45. Nc5+ Kf5 46. Ne4 Rb2 47. Bf6 Rb1 48. Bg7 Rb6 49. Ng5 Rb1 50. Nxh7 Rh1 51. Bf6 Rh2 52. Ke2 Ke6 53. Bg5 Rh1 54. Nf8+ Kf7 55. h7 1-0

[Event "TUR Cup										"]
[Site "Antalya"]
[Date "2018.01.28"]
[Round "2"]
[White "Yenil, Mucahit"]
[Black "Dalgar, Hakki Berat"]
[Result "0-1"]
[WhiteElo "1610"]
[BlackElo "2154"]
[PlyCount "64"]
[EventDate "2018.01.27"]
[EventType "swiss"]
[EventRounds "11"]
[EventCountry "TUR"]
[SourceTitle "CBM 182 Extra"]
[Source "ChessBase"]
[SourceDate "2018.02.23"]
[SourceVersion "1"]
[SourceVersionDate "2018.02.23"]
[SourceQuality "1"]

1. d4 f5 2. e4 fxe4 3. Nc3 Nf6 4. Bg5 Nc6 5. d5 Ne5 6. Qd4 Nf7 7. Bxf6 exf6 8. 0-0-0 Be7 9. Qxe4 0-0 10. f4 f5 11. Qf3 d6 12. Bd3 Bf6 13. Nge2 Bd7 14. h3 c5 15. g4 Rc8 16. Ng3 fxg4 17. hxg4 g6 18. Rxh7 Ng5 19. Rxd7 Qxd7 20. Qh1 Bxc3 21. bxc3 Qxg4 22. fxg5 Qxg3 23. Qh6 Qf4+ 24. Kb1 Qf7 25. Bxg6 Qg7 26. Qh5 Rc7 27. Rd3 b5 28. Re3 b4 29. Bd3 c4 30. Be2 bxc3 31. Qh3 Rb7+ 32. Kc1 Rb1+ 0-1

[Event "TUR Cup										"]
[Site "Antalya"]
[Date "2018.01.27"]
[Round "1"]
[White "Usun, Tolga"]
[Black "Yenil, Mucahit"]
[Result "1/2-1/2"]
[WhiteElo "2052"]
[BlackElo "1610"]
[PlyCount "64"]
[EventDate "2018.01.27"]
[EventType "swiss"]
[EventRounds "11"]
[EventCountry "TUR"]
[SourceTitle "CBM 182 Extra"]
[Source "ChessBase"]
[SourceDate "2018.02.23"]
[SourceVersion "1"]
[SourceVersionDate "2018.02.23"]
[SourceQuality "1"]

1. e4 g6 2. Nc3 Bg7 3. Nf3 d6 4. d4 a6 5. Be3 b5 6. Qd2 Nd7 7. h4 h5 8. 0-0-0 Bb7 9. Ng5 Nh6 10. f3 Rc8 11. g4 hxg4 12. h5 gxh5 13. Rxh5 Nf6 14. Rh4 c6 15. Be2 b4 16. Na4 Qa5 17. b3 c5 18. d5 Nd7 19. Kb1 c4 20. Bd4 c3 21. Qe3 Bxd4 22. Qxd4 f6 23. Rdh1 Rg8 24. Ne6 gxf3 25. Bxf3 Ne5 26. Rxh6 Nxf3 27. Qb6 Qxb6 28. Nxb6 Rb8 29. Rh8 Kf7 30. R1h7+ Kg6 31. Rh6+ Kf7 32. R6h7+ Kg6 1/2-1/2

[Event "TUR Cup"]
[Site "Antalya"]
[Date "2017.02.03"]
[Round "10"]
[White "Yilmaz, Volkan"]
[Black "Yenil, Mucahit"]
[Result "1/2-1/2"]
[WhiteElo "1490"]
[BlackElo "1619"]
[PlyCount "88"]
[EventDate "2017.01.28"]
[EventType "swiss"]
[EventRounds "11"]
[EventCountry "TUR"]
[SourceTitle "CBM 176 Extra"]
[Source "ChessBase"]
[SourceDate "2017.03.02"]
[SourceVersion "1"]
[SourceVersionDate "2017.03.02"]
[SourceQuality "1"]

1. e4 d5 2. exd5 c6 3. Nc3 Nf6 4. d4 cxd5 5. Bg5 Nc6 6. Bb5 Bf5 7. Bxf6 gxf6 8. Qf3 e6 9. Nge2 a6 10. Ba4 b5 11. Bb3 Rg8 12. Bxd5 exd5 13. Qxf5 Rg5 14. Qf3 b4 15. Nd1 Bd6 16. 0-0 Kf8 17. Ne3 Qd7 18. Rad1 Kg7 19. Ng3 Ne7 20. Nh5+ Kg6 21. Nxf6 Qe6 22. Nfg4 h5 23. Ne5+ Bxe5 24. dxe5 Rxe5 25. Rd3 Re8 26. c3 bxc3 27. bxc3 Nf5 28. Nxf5 Qxf5 29. Qxf5+ Kxf5 30. Rfd1 Rc8 31. f3 Rc5 32. Kf2 Ra5 33. R1d2 Ke6 34. Re3 f6 35. g4 hxg4 36. fxg4 Ra4 37. h3 Ree4 38. Rxe4+ dxe4 39. Ke3 Rc4 40. h4 f5 41. gxf5+ Kxf5 42. Rd5+ Kg6 43. Rd6+ Kf5 44. Rd5+ Kg6 1/2-1/2

[Event "TUR Cup"]
[Site "Antalya"]
[Date "2017.01.29"]
[Round "3"]
[White "Yarar, Muammer Atakan"]
[Black "Yenil, Mucahit"]
[Result "1-0"]
[WhiteElo "1805"]
[BlackElo "1619"]
[PlyCount "105"]
[EventDate "2017.01.28"]
[EventType "swiss"]
[EventRounds "11"]
[EventCountry "TUR"]
[SourceTitle "CBM 176 Extra"]
[Source "ChessBase"]
[SourceDate "2017.03.02"]
[SourceVersion "1"]
[SourceVersionDate "2017.03.02"]
[SourceQuality "1"]

1. d4 Nf6 2. Nf3 g6 3. c4 c5 4. Nc3 Bg7 5. d5 e6 6. e4 exd5 7. exd5 0-0 8. Be2 d6 9. 0-0 Re8 10. Bg5 a6 11. Re1 Bg4 12. h3 Bxf3 13. Bxf3 Rxe1+ 14. Qxe1 Nbd7 15. Bf4 Qc7 16. Qd2 Re8 17. Re1 Rxe1+ 18. Qxe1 Ne5 19. Bxe5 dxe5 20. Qe3 Ne8 21. Ne4 b6 22. Qa3 a5 23. Qa4 Kf8 24. a3 h6 25. Nd2 f5 26. b4 axb4 27. axb4 e4 28. Bd1 Qf4 29. Nf1 Qc1 30. bxc5 bxc5 31. Be2 Bd4 32. Qd1 Qf4 33. Qe1 h5 34. g3 Qe5 35. Qd2 Kg7 36. Qg5 Nf6 37. Kg2 Qb8 38. Ne3 Kf7 39. Bf1 Qb2 40. Qh6 h4 41. gxh4 Nh5 42. d6 Bxe3 43. Qxe3 Qe5 44. d7 Ke7 45. Qd2 Kd8 46. Kg1 f4 47. Be2 f3 48. Bd1 Nf4 49. Ba4 Qa1+ 50. Kh2 Qe5 51. Qa5+ Qc7 52. Qa8+ Ke7 53. Qe8+ 1-0

[Event "Ankara Baskent Univ op 2nd"]
[Site "Ankara"]
[Date "2017.??.??"]
[Round "9"]
[White "Citak, Tuana Umay"]
[Black "Yenil, Mucahit"]
[Result "1-0"]
[WhiteElo "1595"]
[BlackElo "1619"]
[PlyCount "149"]
[EventDate "2017.06.30"]
[EventType "swiss"]
[EventRounds "9"]
[EventCountry "TUR"]
[SourceTitle "CBM 179 Extra"]
[Source "ChessBase"]
[SourceDate "2017.08.23"]
[SourceVersion "1"]
[SourceVersionDate "2017.08.23"]
[SourceQuality "1"]

1. e4 d6 2. d4 g6 3. Nf3 Bg7 4. Be2 Nf6 5. Nc3 Nbd7 6. h3 c5 7. Be3 cxd4 8. Bxd4 0-0 9. 0-0 Qa5 10. Re1 Nc5 11. Bf1 Ne6 12. Be3 Bd7 13. Bd2 Bc6 14. Nd5 Qd8 15. Nxf6+ Bxf6 16. Rb1 Nc5 17. Bd3 Rc8 18. Bh6 Re8 19. c3 Nxd3 20. Qxd3 Qa5 21. Ra1 b5 22. Bd2 Qb6 23. Rab1 Red8 24. Nd4 Bd7 25. Nc2 a5 26. Ne3 e6 27. Ng4 Bg7 28. Bg5 Qc5 29. Bxd8 Rxd8 30. Nh2 d5 31. Rbd1 Bc6 32. Nf3 Rb8 33. e5 b4 34. Rc1 Qc4 35. Qd2 b3 36. axb3 Rxb3 37. Nd4 Rb8 38. Nxc6 Qxc6 39. Ra1 a4 40. Re2 Bf8 41. Qd4 Ra8 42. Rc2 Bc5 43. Qd2 Rb8 44. Qf4 Ra8 45. Ra2 Ra6 46. Rc1 Qb6 47. Rca1 a3 48. b4 Bf8 49. Rxa3 Rxa3 50. Rxa3 d4 51. Qxd4 Qxd4 52. cxd4 Bxb4 53. Rb3 Ba5 54. Kf1 Kg7 55. Ke2 h5 56. g3 Bd8 57. f4 Be7 58. g4 hxg4 59. hxg4 Bh4 60. Rb6 Bd8 61. Rc6 Ba5 62. f5 exf5 63. gxf5 gxf5 64. Rc8 Bb6 65. Kd3 f4 66. d5 f3 67. d6 Kg6 68. d7 Kf5 69. d8Q Bxd8 70. Rxd8 Kf4 71. Rf8 Kg3 72. Ke3 Kg2 73. Rxf7 Kg1 74. Rxf3 Kh1 75. e6 1-0